| 000 | 00904cam a22002174a 4500 | ||
|---|---|---|---|
| 999 |
_c7728 _d7728 |
||
| 003 | OSt | ||
| 005 | 20200513141738.0 | ||
| 008 | 080905s2009 njua b 001 0 eng | ||
| 010 | _a 2008039321 | ||
| 020 | _a9780470053645 (pbk.) | ||
| 082 | 0 | 0 |
_a720 _222 |
| 100 | 1 | _aHanlon, Donald Livingston. | |
| 245 | 1 | 0 |
_aCompositions in architecture / _cDon Hanlon. |
| 260 |
_aHoboken, N.J. : _bJohn Wiley & Sons, _c2009. |
||
| 300 |
_avii, 328 p. : _bill. ; _c29 cm. |
||
| 504 | _aIncludes bibliographical references (p. 321-324) and index. | ||
| 505 | 0 | _aFormal properties of a composition -- Notes on the plan -- Type -- Square -- Layering -- Linear forms -- Core and shell -- Frame and object -- Clusters -- Subtractive spaces and the deep wall -- Articulated skin -- Metamorphosis -- Deformation. | |
| 650 | 0 | _aArchitectural design. | |
| 650 | 0 |
_aArchitecture _xComposition, proportion, etc. |
|
| 942 | _2ddc | ||